Movies Quiz

Random Movies or Clickable Quiz
Score 0/30 Timer 07:00
0 Plays Today
% Correct
The Wizard of Oz
93.8%
Gladiator
90.9%
Alien
88.8%
The Godfather
88.6%
The Silence of the Lambs
88%
A Christmas Story
86.8%
Die Hard
86.1%
Groundhog Day
84.1%
The King's Speech
83%
Good Will Hunting
81%
Inception
80.1%
The Big Lebowski
76.6%
The Shawshank Redemption
75.8%
The Shining
74.1%
It's a Wonderful Life
72.7%
% Correct
Raiders of the Lost Ark
71.6%
One Flew Over the Cuckoo's Nest
70.6%
Titanic
70.2%
The Terminator
67.1%
Pulp Fiction
67.1%
Platoon
66.7%
Apocalypse Now
65.8%
Jaws
63.7%
Sunset Boulevard
63.3%
North by Northwest
62.3%
Network
61.2%
Gran Torino
59.1%
The Bridge on the River Kwai
57.4%
Forrest Gump
56.7%
Cool Hand Luke
52.6%
Remove Ads.
Support Sporcle.
Get the best of Sporcle when you Go Orange. This ad-free experience offers more features, more stats, and more fun while also helping to support Sporcle. Thank you for becoming a member.

You're not logged in!

Compare scores with friends on all Sporcle quizzes.
OR
Log In

Show Comments

Extras

Top Quizzes Today


Score Distribution

Your Account Isn't Verified!

In order to create a playlist on Sporcle, you need to verify the email address you used during registration. Go to your Sporcle Settings to finish the process.

Report this User

Report this user for behavior that violates our Community Guidelines.

Details: